[Event "FINAL MISTRZOSTW POLSKI MLODZIKOW 2016 - CHLOPCY"]
[Site "Jastrzebia Gora"]
[Date "1899-12-30"]
[Round "1.26"]
[White "Doskocz, Karol"]
[Black "Ciszewski, Krzysztof"]
[Result "0-1"]
[WhiteTitle "II"]
[BlackTitle "II"]
[WhiteElo "1074"]
[BlackElo "1236"]

1. c4 e5 2. Nc3 Nf6 3. g3 Bc5 4. Bg2 d6 5. a3 O-O 6. e3 Re8 7. b4 Bb6 8. d3 c6
9. Nge2 Be6 10. O-O Qd7 11. Bb2 Bh3 12. Qc2 Bxg2 13. Kxg2 Ng4 14. d4 exd4 15.
Nxd4 Rxe3 16. Qf5 Bxd4 17. Qxd7 Nxd7 18. fxe3 Nxe3+ 19. Kh1 Nxf1 20. Rxf1 Re8
21. Rd1 Bxc3 22. Bxc3 Re6 23. c5 d5 24. a4 h6 25. a5 Nf6 26. Bxf6 Rxf6 27. Kg2
Kh7 28. Re1 Re6 29. Rf1 Kg6 30. Rb1 a6 31. Kf3 Re4 32. h4 f5 33. Rb2 Kf6 34. Rb1
g5 35. hxg5+ hxg5 36. Rb2 d4 37. Rb3 Re3+ 38. Rxe3 dxe3 39. Kxe3 Ke5 40. Kd3 Kd5
41. Ke2 Kc4 42. Ke3 f4+ 43. gxf4 gxf4+ 44. Kxf4 Kxb4 45. Ke4 Kxc5 46. Kd3 Kb5
47. Kc3 Kxa5 48. Kc4 b5+ 49. Kc3 b4+ 50. Kb3 Kb5 51. Kb2 c5 52. Kb3 c4+ 53. Kb2
a5 54. Kc2 a4 55. Kb2 a3+ 56. Ka1 Ka4 57. Ka2 Kb5 58. Kb1 c3 59. Kc2 a2 60. Kc1
a1=Q+ 61. Kc2 b3+ 62. Kd3 c2 63. Kd2 c1=R 64. Ke3 Qc3+ 65. Ke4 Rd1 66. Kf5 Qe3
67. Kg4 Qf2 68. Kh3 Qg1 69. Kh4 Rd2 70. Kh3 Rh2# 0-1

[Event "FINAL MISTRZOSTW POLSKI MLODZIKOW 2016 - CHLOPCY"]
[Site "Jastrzebia Gora"]
[Date "1899-12-30"]
[Round "1.27"]
[White "Wieczorek, Mikolaj"]
[Black "Paszkowski, Krystian"]
[Result "1/2-1/2"]
[WhiteTitle "II"]
[BlackTitle "III"]
[WhiteElo "1217"]
[BlackElo "1074"]

1. e4 e6 2. d4 d5 3. Nd2 c5 4. exd5 exd5 5. Ngf3 Nc6 6. Bb5 Bd6 7. O-O Nge7 8.
dxc5 Bxc5 9. Nb3 Bb6 10. c3 Bf5 11. Nbd4 Bg4 12. h3 Bxf3 13. Qxf3 O-O 14. Nxc6
bxc6 15. Bd3 Ng6 16. Qg4 Bc7 17. Bxg6 hxg6 18. Be3 Qd6 19. g3 Qf6 20. Bd4 Be5
21. Rfe1 Bxd4 22. Qxd4 Qd6 23. Rad1 Rfe8 24. Rxe8+ Rxe8 25. Qxa7 Re2 26. c4 Rxb2
27. cxd5 cxd5 28. Qa8+ Kh7 29. Qa7 Qe6 30. a4 Ra2 31. h4 f6 32. Qd4 Qc6 33. Qxd5
Qxd5 34. Rxd5 Rxa4 35. Kg2 Rc4 36. Kf3 Rc3+ 37. Kg2 Rc4 38. Kf3 Rc3+ 39. Kg2 Rc4
40. Kf3 Rc3+ 1/2-1/2

[Event "FINAL MISTRZOSTW POLSKI MLODZIKOW 2016 - CHLOPCY"]
[Site "Jastrzebia Gora"]
[Date "1899-12-30"]
[Round "1.28"]
[White "Herwy, Jakub"]
[Black "Lesien, Tymoteusz"]
[Result "1-0"]
[WhiteTitle "II"]
[BlackTitle "II"]
[WhiteElo "1051"]
[BlackElo "1213"]

1. e4 c5 2. c4 e6 3. Nc3 d6 4. Nge2 Nf6 5. d4 b6 6. g3 Be7 7. Bg2 Bb7 8. O-O Nc6
9. h3 O-O 10. Be3 Qc7 11. Nb5 Qc8 12. Nec3 a6 13. Na3 cxd4 14. Bxd4 Nxd4 15. Qxd4
Qc7 16. Rab1 e5 17. Qd3 Rac8 18. Nd5 Nxd5 19. cxd5 b5 20. Rfc1 Qd7 21. Kh2 Rxc1
22. Rxc1 Rc8 23. Rxc8+ Qxc8 24. h4 Qc5 25. Qc2 Kf8 26. Bh3 b4 27. Nc4 a5 28. b3
Ba6 29. Bf1 a4 30. bxa4 Bd8 31. Bd3 f6 32. Kg2 h6 33. Qe2 Bc7 34. Nxe5 dxe5 35.
Bxa6 Qb6 36. Bc4 Bd6 37. Bb3 Bc5 38. Kf1 1-0

[Event "FINAL MISTRZOSTW POLSKI MLODZIKOW 2016 - CHLOPCY"]
[Site "Jastrzebia Gora"]
[Date "1899-12-30"]
[Round "1.29"]
[White "Iwaszkiewicz, Grzegorz"]
[Black "Homza, Dominik"]
[Result "1-0"]
[WhiteTitle "II"]
[BlackTitle "II"]
[WhiteElo "1206"]
[BlackElo "1019"]

1. d4 Nf6 2. Bg5 d6 3. Bxf6 exf6 4. Nd2 Nc6 5. c3 Bd7 6. e3 g6 7. Bc4 Bg7 8. Qb3
O-O 9. Qxb7 Rb8 10. Qa6 Rxb2 11. Bb3 f5 12. Nc4 Rxb3 13. axb3 Qg5 14. Kf1 Qg4
15. Na3 Qe4 16. f3 Qd5 17. Qc4 Qa5 18. Ne2 Re8 19. Kf2 Bh6 20. f4 g5 21. g3 d5
22. Qd3 g4 23. Qc2 Ne7 24. h3 Nc8 25. hxg4 Kg7 26. g5 Bxg5 27. fxg5 Nd6 28. g4
Ne4+ 29. Kg2 fxg4 30. Nc4 Qb5 31. Ra5 Qc6 32. Ne5 Qe6 33. Nf4 Qe7 34. Nxd5 Qd6
35. Qxe4 c6 36. Qxh7+ Kf8 37. Qh8# 1-0

[Event "FINAL MISTRZOSTW POLSKI MLODZIKOW 2016 - CHLOPCY"]
[Site "Jastrzebia Gora"]
[Date "1899-12-30"]
[Round "2.1"]
[White "Kozlowski, Michal"]
[Black "Chyzy, Jakub"]
[Result "0-1"]
[WhiteTitle "II"]
[BlackTitle "I"]
[WhiteElo "1256"]
[BlackElo "1803"]

1. e4 e5 2. Nf3 Nc6 3. Bc4 Nf6 4. Nc3 Nxe4 5. Nxe4 d5 6. Bxd5 Qxd5 7. Nc3 Qa5 8.
O-O Bg4 9. h3 Bh5 10. Re1 O-O-O 11. d3 f5 12. Bd2 Nd4 13. Ne2 Nxf3+ 14. gxf3 Qd5
15. f4 Rd6 16. fxe5 Rg6+ 17. Ng3 Bxd1 18. Raxd1 Bc5 19. a3 Rxg3+ 20. Kf1 Qg2+
21. Ke2 Qxf2# 0-1

[Event "FINAL MISTRZOSTW POLSKI MLODZIKOW 2016 - CHLOPCY"]
[Site "Jastrzebia Gora"]
[Date "1899-12-30"]
[Round "2.2"]
[White "Meers, Hubert"]
[Black "Fronczyk, Wiktor"]
[Result "0-1"]
[WhiteTitle "II+"]
[BlackTitle "II"]
[WhiteElo "1607"]
[BlackElo "1251"]

1. e4 c5 2. Nf3 d6 3. c3 e6 4. d4 cxd4 5. cxd4 g6 6. Nc3 a6 7. Be2 Bg7 8. O-O b5
9. Be3 Nd7 10. a3 Bb7 11. Qb3 Ne7 12. a4 Rb8 13. axb5 axb5 14. Nxb5 O-O 15. Qd3
Nf6 16. Nd2 Qd7 17. Rfc1 Bc6 18. Ra5 Ra8 19. Rxa8 Rxa8 20. Nc3 Qb7 21. Qc2 Rc8
22. f3 Rb8 23. b3 Nd7 24. Rb1 Qb4 25. Na2 Qb7 26. Nc4 Qc7 27. Nd2 Qa7 28. Qc3
Qxa2 29. Ra1 Rxb3 30. Nxb3 Qxe2 31. Nc1 Qb5 32. Qa3 Nc8 33. Nb3 Ndb6 34. Na5 Nc4
35. Nxc4 Qxc4 36. Rc1 Qb5 37. Qa8 Bxa8 38. Rxc8+ Bf8 39. Bh6 Qb1+ 40. Kf2 Qc2+
41. Kg3 Qxc8 42. Bf4 f6 0-1

[Event "FINAL MISTRZOSTW POLSKI MLODZIKOW 2016 - CHLOPCY"]
[Site "Jastrzebia Gora"]
[Date "1899-12-30"]
[Round "2.3"]
[White "Bancarewicz, Aleks"]
[Black "Wojdak, Jan"]
[Result "0-1"]
[WhiteTitle "II"]
[BlackTitle "II"]
[WhiteElo "1254"]
[BlackElo "1577"]

1. e4 c5 2. a3 Nc6 3. b4 cxb4 4. axb4 Nxb4 5. c3 Nc6 6. d4 d5 7. exd5 Qxd5 8. Na3
Qd8 9. Nb5 a6 10. Bf4 e5 11. dxe5 Be6 12. Qxd8+ Kxd8 13. Nd6 Bxd6 14. exd6 a5
15. Rb1 Kc8 16. Bb5 Bd7 17. Nf3 Nf6 18. Bxc6 Bxc6 19. Rg1 Nd5 20. Be5 f6 21. Bd4
Kd7 22. c4 Nb4 23. c5 Bxf3 24. gxf3 Nc2+ 25. Kd2 Nxd4 26. Rxg7+ Ke6 27. Rbxb7
Nxf3+ 28. Kc3 Kd5 29. Rxh7 Kxc5 30. Rxh8 Rxh8 31. Rf7 Ng5 32. Ra7 Kb6 33. Rd7
Kc5 34. Ra7 Kxd6 35. Rxa5 Rxh2 36. Ra2 Rxf2 37. Ra6+ Ke5 38. Kd3 Kf5 39. Ke3 Rh2
40. Ra5+ Kg6 41. Kf4 Rb2 42. Kg4 Nf7 43. Kg3 Rb4 44. Rc5 Ne5 45. Ra5 Kf5 46. Ra1
Rb3+ 47. Kg2 Kg5 48. Ra8 f5 49. Rg8+ Kf4 50. Ra8 Rb4 51. Ra3 Ke4 52. Ra1 f4 53.
Re1+ Kf5 54. Kf1 Rb2 55. Ra1 Kg4 56. Ra8 Rc2 57. Re8 Nc4 58. Kg1 Kf3 59. Rf8 Ne3
60. Rg8 Rg2+ 61. Rxg2 Nxg2 62. Kf1 Ne3+ 63. Kg1 Kg3 64. Kh1 f3 65. Kg1 f2+ 66.
Kh1 f1=Q# 0-1

[Event "FINAL MISTRZOSTW POLSKI MLODZIKOW 2016 - CHLOPCY"]
[Site "Jastrzebia Gora"]
[Date "1899-12-30"]
[Round "2.4"]
[White "Backiel, Hubert"]
[Black "Fiszer, Bartosz"]
[Result "0-1"]
[WhiteTitle "II+"]
[BlackTitle "CM"]
[WhiteElo "1247"]
[BlackElo "1557"]

1. e4 e6 2. d4 d5 3. exd5 exd5 4. Bd3 Nc6 5. c3 Bd6 6. Be3 Nge7 7. Ne2 Bg4 8. f3
Bf5 9. O-O Qd7 10. Bf2 h5 11. Bxf5 Nxf5 12. Qd3 g5 13. Re1 O-O-O 14. Nd2 g4 15.
f4 h4 16. g3 hxg3 17. hxg3 f6 18. Kg2 Qh7 19. Qb5 Qh3+ 20. Kg1 Qh1# 0-1

[Event "FINAL MISTRZOSTW POLSKI MLODZIKOW 2016 - CHLOPCY"]
[Site "Jastrzebia Gora"]
[Date "1899-12-30"]
[Round "2.5"]
[White "Lyszczarz, Konrad"]
[Black "Madej, Marek"]
[Result "1-0"]
[WhiteTitle "II+"]
[BlackTitle "II"]
[WhiteElo "1515"]
[BlackElo "1240"]

1. e4 e5 2. Nf3 Nc6 3. Bc4 Bc5 4. d3 d6 5. c3 Nf6 6. h3 O-O 7. Bg5 h6 8. Bh4 Be6
9. Nbd2 Qe7 10. O-O Rad8 11. b4 Bb6 12. Qb3 Rd7 13. Rfe1 Rfd8 14. Bd5 a6 15. a4
Nb8 16. b5 a5 17. d4 exd4 18. cxd4 Ba7 19. Bxe6 Qxe6 20. d5 Qe8 21. Bxf6 gxf6
22. Nh4 Qe5 23. Ndf3 Qg3 24. Qb2 Qg7 25. Nf5 Qg6 26. N3d4 Kh8 27. Ra3 Rg8 28.
Rg3 Qh7 29. Rxg8+ Kxg8 30. Re3 Kf8 31. Rg3 Ke8 32. Qd2 Rd8 33. Nb3 Nd7 34. Kf1
Ne5 35. f4 Ng6 36. Nxa5 b6 37. Nc6 Ra8 38. Rg4 h5 39. Rg3 Bb8 40. Qe3 Rxa4 41.
Nxb8 Rb4 42. Nc6 Rxb5 43. Qd3 Rc5 44. Qa3 Qh8 45. Rxg6 Ra5 46. Nxa5 fxg6 47. Nc6
Kf7 48. Nfd4 Qe8 49. Ne6 Kg8 50. Qa1 Qf7 51. Qa8+ Kh7 52. Qf8 Qxf8 53. Nxf8+ Kh6
54. h4 Kg7 55. Ne6+ Kf7 56. Nxc7 Kf8 57. Nb5 Ke8 58. Nxd6+ Kd7 59. Nb5 f5 60.
e5 g5 61. hxg5 h4 62. g6 h3 63. gxh3 Ke8 64. e6 Kf8 65. e7+ Ke8 66. Ne5 Kxe7 67.
g7 Kf6 68. g8=Q Ke7 69. Qf7+ Kd8 70. Qd7# Ke8 1-0

[Event "FINAL MISTRZOSTW POLSKI MLODZIKOW 2016 - CHLOPCY"]
[Site "Jastrzebia Gora"]
[Date "1899-12-30"]
[Round "2.6"]
[White "Ciszewski, Krzysztof"]
[Black "Czernecki, Andrzej"]
[Result "0-1"]
[WhiteTitle "II"]
[BlackTitle "II"]
[WhiteElo "1236"]
[BlackElo "1469"]

1. d4 Nf6 2. c4 e6 3. g3 Bb4+ 4. Bd2 Qe7 5. Bg2 Nc6 6. Nf3 Bxd2+ 7. Nbxd2 d6 8.
O-O e5 9. d5 Nb8 10. e4 a5 11. Rc1 Na6 12. a3 O-O 13. Qc2 Bd7 14. Rfe1 a4 15.
h3 Nc5 16. Re3 Ne8 17. Ne1 f5 18. Nd3 Nxd3 19. Rxd3 fxe4 20. Nxe4 Nf6 21. Nxf6+
Qxf6 22. Rf3 Qh6 23. Rxf8+ Rxf8 24. h4 Bf5 25. Be4 Bxe4 26. Qd1 Qf6 27. Qe2 Qf3
28. Qxf3 Rxf3 29. Re1 Bg6 30. Re3 Rxe3 31. fxe3 Bd3 32. Kf2 e4 33. g4 Bxc4 34.
Kg3 Bxd5 35. Kf4 Kf7 36. Kf5 c5 37. g5 g6+ 38. Kf4 b5 39. Kg3 b4 40. Kf2 c4 41.
Ke2 c3 42. Kd1 bxa3 43. bxa3 Bb3+ 44. Kc1 d5 45. Kb1 d4 46. exd4 e3 47. d5 e2
48. d6 e1=R# 0-1

[Event "FINAL MISTRZOSTW POLSKI MLODZIKOW 2016 - CHLOPCY"]
[Site "Jastrzebia Gora"]
[Date "1899-12-30"]
[Round "2.7"]
[White "Dziewonski, Dariusz"]
[Black "Iwaszkiewicz, Grzegorz"]
[Result "1/2-1/2"]
[WhiteTitle "II"]
[BlackTitle "II"]
[WhiteElo "1414"]
[BlackElo "1206"]

1. e4 d5 2. exd5 Qxd5 3. Nc3 Qd6 4. d4 Nf6 5. Nf3 a6 6. g3 Bg4 7. Bg2 c6 8. Bf4
Qd8 9. h3 Bf5 10. Qd2 e6 11. Nh4 Bg6 12. Nxg6 hxg6 13. Ne4 Nbd7 14. Nd6+ Bxd6
15. Bxd6 Nb6 16. Bc5 Nfd5 17. Qa5 Nc4 18. Qxd8+ Rxd8 19. Bxd5 cxd5 20. b3 b6 21.
Bb4 a5 22. bxc4 axb4 23. Rb1 dxc4 24. Rxb4 Rxd4 25. Rxb6 O-O 26. O-O Ra8 27. Ra1
Rd2 28. c3 Rc2 29. a4 Rxc3 30. a5 Rb3 31. Rxb3 cxb3 32. Rb1 Rb8 33. a6 Kf8 34.
Kf1 Ke7 35. Ke2 Ra8 36. Rxb3 Rxa6 37. Rb7+ Kf6 38. Rc7 g5 39. Rb7 Ra8 40. Rc7
Rh8 41. Kf3 Rxh3 42. Rb7 Rh8 43. Kg4 g6 44. Rb5 Rh5 45. Rb7 e5 46. Rb6+ Kg7 47.
Rb7 e4 48. f4 exf3 49. Kxf3 Rh7 50. Kg4 Kh6 51. Rb6 f5+ 52. Kf3 Rf7 53. Rb1 g4+
54. Kf4 g5+ 55. Ke3 f4+ 56. Kf2 fxg3+ 57. Kxg3 Rf4 58. Ra1 Kh5 59. Rh1+ Kg6 60.
Ra1 Kf5 61. Ra5+ Kg6 62. Ra1 1/2-1/2

[Event "FINAL MISTRZOSTW POLSKI MLODZIKOW 2016 - CHLOPCY"]
[Site "Jastrzebia Gora"]
[Date "1899-12-30"]
[Round "2.8"]
[White "Czaja, Adrian"]
[Black "Kejna, Piotr"]
[Result "0-1"]
[WhiteTitle "II"]
[BlackTitle "II"]
[WhiteElo "1196"]
[BlackElo "1410"]

1. c4 e5 2. Nc3 Nf6 3. g3 d5 4. cxd5 Nxd5 5. Bg2 Nb6 6. e3 Be7 7. Nge2 Nc6 8. a3
Bf5 9. e4 Be6 10. d3 Qd7 11. Be3 Rd8 12. Nc1 O-O 13. O-O Rfe8 14. f3 Nd4 15. Bxd4
Qxd4+ 16. Kh1 a6 17. Qc2 c5 18. N3e2 Qd7 19. b3 Rc8 20. Qb2 Red8 21. a4 Qc6 22.
Rb1 Qc7 23. f4 f6 24. f5 Bf7 25. g4 Kh8 26. h4 Nd7 27. h5 h6 28. Rf3 Nb8 29. Na2
Nc6 30. Kh2 Nd4 31. Nxd4 cxd4 32. Rf2 Qb6 33. Rc1 Qxb3 34. Qxb3 Bxb3 35. Rxc8
Rxc8 36. Rb2 Bxa2 37. Rxa2 Rc7 38. Rb2 Kg8 39. Bf3 Kf8 40. Bd1 Bd8 41. Kg2 Ke7
42. Kf2 Kd7 43. Ke2 Kc8 44. Kd2 Rc5 45. Rc2 Ba5+ 46. Kc1 Bc3 47. Ra2 Ra5 48. Bb3
Kc7 49. Bc4 Kd6 50. Kc2 Kc5 51. Kb3 Kd6 52. Bd5 Kc7 53. Bc4 Rc5 54. Bd5 Kb8 55.
Bc4 Ka7 56. Kc2 Ba5 57. Kb3 Bc3 58. Kc2 Kb8 59. Kb3 Rc6 60. Kc2 Rb6 61. Bd5 Kc7
62. Bc4 Kd6 63. Bd5 Kc5 64. Bc4 Rb4 65. Bb3 Kb6 66. Bc4 Kc6 67. Bd5+ Kc7 68. Bc4
Rb6 69. Bd5 Rd6 70. Bc4 Rc6 71. Kd1 Rc5 72. Bd5 Ra5 73. Kc2 Kb8 74. Bc4 Ka7 75.
Kb3 Rc5 76. Kc2 Ba5 77. Kb3 Kb8 78. Rc2 Ka7 79. Kb2 Kb6 80. Ka3 Kc7 81. Kb3 Kd6
82. Kb2 b5 83. Bb3 Rc3 84. axb5 axb5 85. Rxc3 dxc3+ 86. Kc2 Kc5 87. Kd1 Kb4 88.
Kc2 Kc5 89. Kd1 Kd4 90. Ke2 Bb4 91. Bc2 Ba3 92. Bb3 Bb2 93. Bc2 Kc5 94. Ke3 Bc1+
95. Ke2 Kb4 96. Kd1 Bb2 97. Ke2 Ka3 98. Bb1 b4 99. Ke1 b3 100. Kd1 c2+ 101. Bxc2
bxc2+ 102. Kxc2 Bd4 103. Kd1 Kb3 104. Kd2 Kb2 105. Kd1 Kc3 106. Ke2 Kc2 107. Kf3
Kxd3 108. Kg3 Kxe4 109. g5 fxg5 110. Kg4 Be3 111. f6 gxf6 0-1

[Event "FINAL MISTRZOSTW POLSKI MLODZIKOW 2016 - CHLOPCY"]
[Site "Jastrzebia Gora"]
[Date "1899-12-30"]
[Round "2.9"]
[White "Madajczak, Piotr"]
[Black "Wiszniewski, Szymon"]
[Result "1-0"]
[WhiteTitle "II"]
[BlackTitle "II"]
[WhiteElo "1377"]
[BlackElo "1193"]

1. e4 c5 2. Nf3 d6 3. d4 cxd4 4. Nxd4 Nf6 5. Nc3 Nc6 6. f3 e6 7. Be3 Be7 8. Bc4
O-O 9. O-O a6 10. Kh1 Ne5 11. Bb3 Qc7 12. a4 b6 13. Qe2 Bb7 14. Rfd1 Rfe8 15.
Bg1 Bf8 16. Qf2 Rab8 17. Nde2 Rec8 18. Ng3 h6 19. Rd4 d5 20. Rdd1 Bc5 21. Qf1
Bxg1 22. Qxg1 dxe4 23. fxe4 Nxe4 24. Ncxe4 f5 25. Bxe6+ 1-0

[Event "FINAL MISTRZOSTW POLSKI MLODZIKOW 2016 - CHLOPCY"]
[Site "Jastrzebia Gora"]
[Date "1899-12-30"]
[Round "2.10"]
[White "Rzenca, Jerzy"]
[Black "Krupinski, Mikolaj"]
[Result "1-0"]
[WhiteTitle "II"]
[BlackTitle "II"]
[WhiteElo "1196"]
[BlackElo "1372"]

1. e4 c5 2. Nf3 d6 3. d4 cxd4 4. Nxd4 Nf6 5. Nc3 a6 6. Be2 e5 7. Nb3 Be7 8. Be3
Be6 9. Qd2 b5 10. O-O-O O-O 11. f3 Nc6 12. Bd3 b4 13. Ne2 a5 14. Kb1 a4 15. Nbc1
b3 16. cxb3 axb3 17. Nxb3 Bxb3 18. axb3 d5 19. Bb5 Nb4 20. Bg5 Qa5 21. Ba4 Rfc8
22. Rc1 Qd8 23. Bxf6 gxf6 24. exd5 Nxd5 25. Rxc8 Rxc8 26. Rd1 Nb4 27. Qxd8+ Rxd8
28. Rxd8+ Bxd8 29. Nc3 Bb6 30. Ne4 Kg7 31. Be8 Nd3 32. Nd6 Ne1 33. Bxf7 Nxg2 34.
b4 Bg1 35. h3 Nf4 36. h4 Nd3 37. b5 Bc5 38. Bc4 Nxb2 39. Kxb2 Bxd6 40. b6 Kg6
41. Bd3+ Kg7 42. Kc3 h6 43. h5 Kf7 44. Bf5 Ke7 45. Kc4 Bb8 46. Kd5 Bd6 47. Kc6
Bb8 48. Kb7 Bd6 49. Ka7 Bc5 50. Ka6 Bd6 51. b7 Bb8 52. Kb6 Kd6 53. Be4 Bc7+ 54.
Ka7 Kc5 55. b8=Q Bxb8+ 56. Kxb8 Kd4 57. Kc7 Ke3 58. Kd6 Kf4 59. Ke6 Kg5 60. Bd3
Kf4 61. Kxf6 Kxf3 62. Kg6 e4 63. Bxe4+ Kxe4 64. Kxh6 Kf5 65. Kg7 Kg5 66. h6 Kf5
67. h7 Ke6 68. h8=Q 1-0

[Event "FINAL MISTRZOSTW POLSKI MLODZIKOW 2016 - CHLOPCY"]
[Site "Jastrzebia Gora"]
[Date "1899-12-30"]
[Round "2.11"]
[White "Norek, Maciej"]
[Black "Matela, Krzysztof"]
[Result "1/2-1/2"]
[WhiteTitle "II"]
[BlackTitle "II"]
[WhiteElo "1175"]
[BlackElo "1328"]

1. d4 Nf6 2. Bf4 c5 3. e3 g6 4. c3 Bg7 5. Nf3 Nd5 6. Bg3 cxd4 7. Nxd4 a6 8. Nd2
Nc6 9. Nxc6 dxc6 10. e4 Nb6 11. Qc2 e5 12. O-O-O O-O 13. Nf3 Qc7 14. Kb1 Be6 15.
Ng5 Bd7 16. h4 f6 17. Qb3+ Kh8 18. Nf7+ Rxf7 19. Qxf7 f5 20. Bd3 c5 21. Qe7 Re8
22. Qg5 f4 23. Bh2 Qc6 24. h5 Bf6 25. Qh6 Bg7 26. Qg5 Bf6 27. Qh6 Bg7 28. Qg5
1/2-1/2

[Event "FINAL MISTRZOSTW POLSKI MLODZIKOW 2016 - CHLOPCY"]
[Site "Jastrzebia Gora"]
[Date "1899-12-30"]
[Round "2.12"]
[White "Pazdzierz, Piotr"]
[Black "Dawgiel, Bartosz"]
[Result "1-0"]
[WhiteTitle "II"]
[BlackTitle "II"]
[WhiteElo "1319"]
[BlackElo "1134"]

1. c4 e5 2. g3 f5 3. Bg2 Nf6 4. Nc3 g6 5. e3 Bg7 6. Nge2 c6 7. O-O O-O 8. d3 h6
9. Rb1 g5 10. b4 Qe8 11. f4 exf4 12. exf4 Qg6 13. Qd2 gxf4 14. Nxf4 Qg4 15. Bf3
Qg5 16. Qc2 Ng4 17. Ne6 Ne3 18. Nxf8 Nxc2 19. Bxg5 hxg5 20. Ng6 Bxc3 21. Ne7+
Kf7 22. Nxc8 Ne3 23. Bh5+ Ke6 24. Rf3 Bd4 25. Re1 f4 26. gxf4 gxf4 27. Rxf4 1-0

[Event "FINAL MISTRZOSTW POLSKI MLODZIKOW 2016 - CHLOPCY"]
[Site "Jastrzebia Gora"]
[Date "1899-12-30"]
[Round "2.13"]
[White "Wolski, Michal"]
[Black "Goral, Jan"]
[Result "0-1"]
[WhiteTitle "II"]
[BlackTitle "II"]
[WhiteElo "1116"]
[BlackElo "1273"]

1. e4 c5 2. Nf3 g6 3. d4 cxd4 4. Nxd4 Bg7 5. Be3 Nc6 6. Nc3 Nf6 7. Be2 O-O 8. O-O
d5 9. Nxc6 bxc6 10. exd5 cxd5 11. Bd4 Be6 12. Bf3 Rb8 13. Rb1 Qa5 14. Qd2 Rb7
15. b3 Rfb8 16. Rfd1 Rb4 17. Ne2 Qd8 18. Bxa7 R8b7 19. a3 Ne4 20. Bxe4 Rxe4 21.
Bd4 Bxd4 22. Nxd4 Bd7 23. Re1 Qb6 24. Rxe4 dxe4 25. Rd1 Bg4 26. Re1 Rd7 27. Qf4
Qxd4 28. Qxg4 Kg7 29. h3 f5 30. Qe2 Qc3 31. Rd1 Rc7 32. a4 Qxc2 33. Qxc2 Rxc2
34. Ra1 Rb2 35. a5 Rxb3 36. a6 Rb8 37. a7 Ra8 38. Kf1 Kf6 39. Ke2 Ke6 40. Ke3
Kd7 41. Kf4 Kc7 42. Kg5 Kb7 43. Kh6 Rxa7 44. Rxa7+ Kxa7 45. Kxh7 f4 46. Kxg6 e3
0-1

[Event "FINAL MISTRZOSTW POLSKI MLODZIKOW 2016 - CHLOPCY"]
[Site "Jastrzebia Gora"]
[Date "1899-12-30"]
[Round "2.14"]
[White "Wierzbicki, Dawid"]
[Black "Karolczuk, Iwo"]
[Result "1-0"]
[WhiteTitle "II"]
[BlackTitle "III"]
[WhiteElo "1269"]
[BlackElo "1114"]

1. e4 c5 2. Nf3 Nc6 3. Bb5 d6 4. O-O a6 5. Bxc6+ bxc6 6. d4 cxd4 7. Nxd4 e5 8.
Nf3 Bg4 9. Re1 h6 10. Nc3 Qf6 11. Re3 g5 12. Rd3 Rh7 13. Qd2 Rg7 14. Na4 Rb8 15.
b3 Rg6 16. Nc3 Qe6 17. Kh1 f5 18. Ng1 fxe4 19. Nxe4 d5 20. Ng3 Bg7 21. Rb1 e4
22. Re3 Be5 23. f3 Bxg3 24. hxg3 Nf6 25. fxg4 Nxg4 26. Re1 e3 27. Rxe3 Nxe3 28.
Qxe3 Qxe3 29. Bxe3 Re6 30. Bd2 Ke7 31. Rf1 Rf6 32. Nf3 g4 33. Re1+ Re6 34. Rxe6+
Kxe6 35. Nd4+ Kd7 36. Kg1 h5 37. Kf2 c5 38. Ne2 Rf8+ 39. Nf4 d4 40. Ke2 Rh8 41.
Kd3 Kc6 42. Kc4 Rh7 43. Ne6 Kb6 44. Nxc5 Rc7 45. Bb4 a5 46. Ba3 Rc6 47. Kxd4 Rd6+
48. Kc3 Rf6 49. Ne4 Rf1 50. Bc5+ Kc6 51. a4 Re1 52. Kd3 Rd1+ 53. Kc4 Rc1 54. c3
Re1 55. Kd3 Rd1+ 56. Kc2 Re1 57. Nf2 Rg1 58. Ne4 Rxg2+ 59. Kd3 Ra2 60. Kc4 Re2
61. Kd3 Re1 62. b4 Rd1+ 63. Kc4 axb4 64. cxb4 Rc1+ 65. Nc3 Rc2 66. b5+ Kb7 67.
a5 Rg2 68. a6+ Ka8 69. Ne4 Re2 70. Kd5 Rb2 71. Kc6 Re2 72. b6 Ra2 73. b7+ Kb8
74. a7+ Rxa7 75. Bxa7+ Kxa7 76. Kc7 h4 77. b8=Q+ Ka6 78. Qb6# 1-0

[Event "FINAL MISTRZOSTW POLSKI MLODZIKOW 2016 - CHLOPCY"]
[Site "Jastrzebia Gora"]
[Date "1899-12-30"]
[Round "2.15"]
[White "Nowak, Filip"]
[Black "Herwy, Jakub"]
[Result "1-0"]
[WhiteTitle "II"]
[BlackTitle "II"]
[WhiteElo "1257"]
[BlackElo "1051"]

1. e4 c5 2. Nf3 d6 3. d4 cxd4 4. Nxd4 Nf6 5. Nc3 a6 6. Be3 Qc7 7. f3 e6 8. Qd2
Be7 9. O-O-O Nbd7 10. g4 Nb6 11. h4 Nc4 12. Bxc4 Qxc4 13. Kb1 b5 14. h5 O-O 15.
g5 Nd7 16. g6 Nf6 17. gxh7+ Kxh7 18. Rdg1 Bd7 19. Qg2 Ne8 20. Rh3 b4 21. Rg3 Rg8
22. Nce2 a5 23. h6 g6 24. Nf4 Nf6 25. Nxg6 fxg6 26. Rxg6 Kh8 27. h7 e5 28. hxg8=Q+
Rxg8 29. Rh6+ Nh7 30. Rxh7+ Kxh7 31. Rh1+ Bh3 32. Rxh3+ Bh4 33. Rxh4# 1-0

[Event "FINAL MISTRZOSTW POLSKI MLODZIKOW 2016 - CHLOPCY"]
[Site "Jastrzebia Gora"]
[Date "1899-12-30"]
[Round "2.17"]
[White "Paszkowski, Krystian"]
[Black "Jedraszek, Pawel"]
[Result "1/2-1/2"]
[WhiteTitle "III"]
[BlackTitle "II"]
[WhiteElo "1074"]
[BlackElo "1261"]

1. e4 c5 2. Ne2 a6 3. g3 e6 4. Bg2 d6 5. O-O Nf6 6. c3 Nc6 7. h3 Be7 8. d3 O-O
9. Be3 Qc7 10. d4 cxd4 11. cxd4 b6 12. Nbc3 Bb7 13. Rc1 Qd8 14. a3 b5 15. Na2
Na5 16. Qd3 d5 17. e5 Nd7 18. Bd2 Nc4 19. Bc3 a5 20. f4 b4 21. axb4 axb4 22. Nxb4
Nxb2 23. Bxb2 Bxb4 24. Bc3 Ba6 25. Qd2 Bxc3 26. Rxc3 Qb6 27. Rd1 Rab8 28. Kh2
Rfc8 29. Rxc8+ Rxc8 30. Nc3 Qc7 31. Rc1 Nb6 32. Ne2 Nc4 33. Qc2 Qb6 34. Qd3 Rb8
35. Qc3 Qb2 36. Qd3 Rb3 37. Qd1 Ne3 38. Qe1 h6 39. Bf3 Nc2 40. Qd2 Qa3 41. Rxc2
1/2-1/2

[Event "FINAL MISTRZOSTW POLSKI MLODZIKOW 2016 - CHLOPCY"]
[Site "Jastrzebia Gora"]
[Date "1899-12-30"]
[Round "2.18"]
[White "Bogusz, Alan"]
[Black "Wieczorek, Mikolaj"]
[Result "1-0"]
[WhiteTitle "II"]
[BlackTitle "II"]
[WhiteElo "1572"]
[BlackElo "1217"]

1. e4 e5 2. Nf3 Nc6 3. Bb5 f5 4. d3 fxe4 5. dxe4 Nf6 6. O-O Bc5 7. Bxc6 bxc6 8.
Nxe5 O-O 9. Nc3 Ba6 10. Nd3 Bd4 11. Qe1 Bxd3 12. cxd3 Ng4 13. Be3 Nxe3 14. fxe3
Rxf1+ 15. Kxf1 Qf6+ 16. Kg1 Bb6 17. Na4 c5 18. Nxb6 cxb6 19. Qf2 Qd6 20. Rf1 Qe6
21. b3 h6 22. Qf5 Qd6 23. Qd5+ Qxd5 24. exd5 Re8 25. e4 Re5 26. Kf2 Rh5 27. h3
Kf7 28. Ke3+ Ke7 29. d4 Rg5 30. Rf2 Kd6 31. g4 Rg6 32. Rf5 Rg5 33. Rxg5 hxg5 34.
Kd3 g6 35. a3 a6 36. a4 Ke7 37. e5 d6 38. e6 b5 39. Ke4 c4 40. axb5 cxb3 41. Kd3
b2 42. Kc2 b1=Q+ 43. Kxb1 axb5 44. Kb2 Kd8 45. Kb3 Kc7 46. Kb4 Kd8 47. Kxb5 Kc7
48. Ka6 Kd8 49. Kb7 Ke8 50. Kc6 Ke7 51. Kc7 Ke8 52. Kxd6 Kd8 53. Ke5 Ke7 54. d6+
Ke8 55. d5 Kd8 56. d7 Ke7 57. Kd4 Kd8 58. Kc5 Ke7 59. Kc6 Kd8 60. Kb7 Ke7 61.
Kc7 Kf8 62. d8=Q+ Kg7 63. e7 Kf7 64. Qf8# 1-0

[Event "FINAL MISTRZOSTW POLSKI MLODZIKOW 2016 - CHLOPCY"]
[Site "Jastrzebia Gora"]
[Date "1899-12-30"]
[Round "2.19"]
[White "Wydmanski, Szymon"]
[Black "Wawrzyniak, Karol"]
[Result "1-0"]
[WhiteTitle "III"]
[BlackTitle "II"]
[WhiteElo "1365"]
[BlackElo "1130"]

1. e4 e6 2. d4 d5 3. Nd2 c5 4. c3 Qb6 5. Ne2 Bd7 6. g3 Bb5 7. exd5 exd5 8. Nf3
Nf6 9. Bg2 Bd6 10. O-O O-O 11. Re1 Nc6 12. Be3 Rfe8 13. Qc2 Rac8 14. Qb3 Na5 15.
Qc2 Ne4 16. Rad1 Bd7 17. dxc5 Bxc5 18. Bxc5 Qxc5 19. b4 Qxf2+ 20. Kh1 Rxc3 21.
Qb1 Rxf3 22. Rf1 Bf5 23. Bxf3 Qxf1+ 24. Rxf1 Nxg3+ 25. Nxg3 Bxb1 26. Rxb1 Nc4
27. Bxd5 b5 28. Bxc4 bxc4 29. Rc1 Rc8 30. Ne4 f5 31. Nd6 Rf8 32. Nxc4 Rc8 33.
a4 Kf8 34. a5 Ke7 35. b5 Ke6 36. b6 Kd5 37. Ne3+ Ke4 38. Rxc8 Kxe3 39. bxa7 f4
40. a8=Q f3 41. Rc3+ Kf4 42. Qxf3+ Kg5 43. Rc6 g6 44. Qd5+ Kh6 45. Rc7 g5 46.
Qe6+ Kh5 47. Rxh7# 1-0

[Event "FINAL MISTRZOSTW POLSKI MLODZIKOW 2016 - CHLOPCY"]
[Site "Jastrzebia Gora"]
[Date "1899-12-30"]
[Round "2.20"]
[White "Olchowy, Tomasz"]
[Black "Rosenfeld, Noe"]
[Result "0-1"]
[WhiteTitle "III"]
[BlackTitle "II"]
[WhiteElo "1104"]
[BlackElo "1279"]

1. e4 c5 2. a3 g6 3. Nc3 Bg7 4. g3 Nc6 5. Bg2 d6 6. Rb1 Nf6 7. b4 cxb4 8. axb4
Qb6 9. b5 Ng4 10. Nh3 Bxc3 11. dxc3 O-O 12. O-O Nce5 13. Nf4 Nf6 14. h3 Bd7 15.
Qe2 Qc5 16. Bd2 Nc4 17. Qd3 Nxd2 18. Qxd2 Bxb5 19. Rfe1 Bc6 20. Qd4 b6 21. Qxc5
dxc5 22. e5 Bxg2 23. exf6 Bc6 24. fxe7 Rfe8 25. Nd3 f6 26. Re6 Bd7 27. Rxf6 Rxe7
28. h4 Re2 29. Rc1 Ba4 30. Ne1 Rae8 31. Nd3 Bxc2 32. Nf4 Re1+ 33. Rxe1 Rxe1+ 34.
Kh2 Be4 35. Kh3 Bf3 36. g4 Bd1 37. Ne6 Rxe6 38. Rxe6 Kf7 39. Re1 Bc2 40. Ra1 a5
41. Ra2 Bb3 42. Rb2 a4 43. f4 c4 44. f5 gxf5 45. gxf5 b5 46. Rd2 a3 47. Rd7+ Kf6
48. Rxh7 a2 49. Ra7 Ba4 50. Ra6+ Kxf5 51. h5 a1=Q 52. h6 Qh1+ 53. Kg3 Qg1+ 54.
Kf3 Bd1# 0-1